[Event "Stuttgart-chA int"]
[Site "Ditzingen"]
[Date "2010.05.13"]
[Round "1"]
[White "Muth, Roland"]
[Black "Tominski, Norbert"]
[Result "1-0"]
[WhiteElo "2125"]
[BlackElo "1921"]
[PlyCount "45"]
[EventDate "2010.05.13"]
[EventType "swiss"]
[EventRounds "7"]
[EventCountry "GER"]
[SourceTitle "EXT 2018"]
[Source "ChessBase"]
[SourceDate "2017.10.13"]
[SourceVersion "1"]
[SourceVersionDate "2017.10.13"]
[SourceQuality "1"]

1. e4 c6 2. d4 d5 3. exd5 cxd5 4. Bd3 Nc6 5. c3 Nf6 6. Bf4 g6 7. Nd2 Bg7 8. Ngf3 0-0 9. 0-0 Nh5 10. Be3 Qd6 11. Re1 Bd7 12. Qb3 e5 13. dxe5 Nxe5 14. Nxe5 Bxe5 15. Nf3 Bg7 16. Rad1 a5 17. Be4 Nf6 18. Bxd5 a4 19. Bxf7+ Rxf7 20. Qxf7+ Kxf7 21. Rxd6 Bc6 22. Ne5+ Ke7 23. Bc5 1-0

[Event "Stuttgart-ch"]
[Site "Stuttgart"]
[Date "2010.05.13"]
[Round "2"]
[White "Zeller, Frank"]
[Black "Muth, Roland"]
[Result "1-0"]
[WhiteElo "2439"]
[BlackElo "2109"]
[PlyCount "43"]
[EventDate "2010.05.13"]
[EventType "swiss"]
[EventRounds "7"]
[EventCountry "GER"]
[SourceTitle "CBM 136 Extra"]
[Source "ChessBase"]
[SourceDate "2010.07.02"]
[SourceVersion "2"]
[SourceVersionDate "2010.07.15"]
[SourceQuality "1"]

1. e4 c5 2. Nf3 g6 3. d4 cxd4 4. Nxd4 Nc6 5. Nb3 Bg7 6. c4 Nf6 7. Nc3 d6 8. Be2 0-0 9. 0-0 a6 10. Be3 Qc7 11. Rc1 b6 12. Nd5 Qb7 13. Nxb6 Rb8 14. f3 Nd7 15. Nd5 e6 16. Nc3 Nb4 17. Nd4 Ne5 18. a3 Nbc6 19. b4 Rd8 20. Nb3 Nd7 21. b5 Nce5 22. f4 1-0

[Event "Oberliga Wuerttemberg 0809"]
[Site "Wuerttemberg"]
[Date "2009.03.29"]
[Round "9.6"]
[White "Laske, Matthias"]
[Black "Muth, Roland"]
[Result "1-0"]
[WhiteElo "2140"]
[BlackElo "2030"]
[PlyCount "97"]
[EventDate "2008.10.12"]
[EventType "team-tourn"]
[EventRounds "9"]
[EventCountry "GER"]
[SourceTitle "EXT 2019"]
[Source "ChessBase"]
[SourceDate "2018.10.10"]
[SourceVersion "1"]
[SourceVersionDate "2018.10.10"]
[SourceQuality "1"]
[WhiteTeam "Ulm Post"]
[BlackTeam "Rommelshausen"]
[WhiteTeamCountry "GER"]
[BlackTeamCountry "GER"]

1. e4 c5 2. Nf3 g6 3. Nc3 Nc6 4. Bb5 Bg7 5. 0-0 e6 6. Bxc6 dxc6 7. d3 Ne7 8. Be3 b6 9. Qd2 0-0 10. Bh6 Qc7 11. Bxg7 Kxg7 12. e5 Ba6 13. b3 h6 14. Rfe1 Rad8 15. Re4 Nd5 16. Rae1 Qe7 17. a3 Nc7 18. Ne2 Rd7 19. Ng3 b5 20. Rh4 Rh8 21. Qf4 Ne8 22. Ne4 c4 23. dxc4 bxc4 24. b4 Bb5 25. Nc5 Rd5 26. a4 Rxc5 27. bxc5 Bxa4 28. Qxc4 Bb5 29. Qb4 Nc7 30. c4 Ba6 31. Rd4 Bc8 32. Rd6 Na6 33. Qa5 Qb7 34. h4 Nb8 35. Ra1 a6 36. Qb6 Qa8 37. Rb1 Nd7 38. Qc7 a5 39. Rxd7 Bxd7 40. Qxd7 a4 41. Rb7 Rf8 42. Ra7 Qb8 43. Rxa4 Qb1+ 44. Kh2 Qc2 45. Ra7 Qxc4 46. Qd4 Qc2 47. Rc7 Ra8 48. Qf4 Rf8 49. Nd4 1-0

[Event "Boeblingen op 24th"]
[Site "Boeblingen"]
[Date "2007.12.27"]
[Round "2"]
[White "Muth, Roland"]
[Black "Fercec, Nenad"]
[Result "0-1"]
[WhiteElo "2121"]
[BlackElo "2487"]
[PlyCount "69"]
[EventDate "2007.12.26"]
[EventType "swiss"]
[EventRounds "9"]
[EventCountry "GER"]
[SourceTitle "CBM 122 Extra"]
[Source "ChessBase"]
[SourceDate "2008.03.04"]
[SourceVersion "1"]
[SourceVersionDate "2008.03.04"]
[SourceQuality "1"]

1. e4 c5 2. Nc3 Nc6 3. f4 g6 4. Nf3 Bg7 5. Bb5 Nh6 6. 0-0 f5 7. e5 Nf7 8. Qe1 0-0 9. d3 Nd4 10. Nxd4 cxd4 11. Ne2 d6 12. exd6 Nxd6 13. Ba4 Be6 14. Bb3 Bf7 15. Kh1 Rc8 16. Bxf7+ Nxf7 17. c4 dxc3 18. Nxc3 Qxd3 19. Be3 Qa6 20. Nd5 Rfe8 21. Qh4 Qe6 22. Rad1 Rcd8 23. Nc7 Qxe3 24. Nxe8 Rxe8 25. Rfe1 Qc5 26. Rd7 Bf6 27. Qg3 Nd6 28. Qb3+ Kg7 29. h3 b5 30. Qe6 Ne4 31. Qa6 Qf2 32. Red1 Qxf4 33. Rd8 Rxd8 34. Rxd8 Qf1+ 35. Kh2 0-1

[Event "Stuttgart-chA int"]
[Site "Gerlingen"]
[Date "2007.05.17"]
[Round "1"]
[White "Meinecke, Klaus Hinrich"]
[Black "Muth, Roland"]
[Result "0-1"]
[WhiteElo "1885"]
[BlackElo "2127"]
[PlyCount "84"]
[EventDate "2007.05.17"]
[EventType "swiss"]
[EventRounds "7"]
[EventCountry "GER"]
[SourceTitle "EXT 2018"]
[Source "ChessBase"]
[SourceDate "2017.10.13"]
[SourceVersion "1"]
[SourceVersionDate "2017.10.13"]
[SourceQuality "1"]

1. e4 c5 2. Nf3 g6 3. d4 cxd4 4. Qxd4 Nf6 5. Bc4 Nc6 6. Qd3 Bg7 7. a3 0-0 8. 0-0 d6 9. h3 a6 10. c3 Qc7 11. Be3 b5 12. Ba2 Bb7 13. Nbd2 Rac8 14. Rad1 Rfd8 15. Bxf7+ Kxf7 16. Ng5+ Kg8 17. Ne6 Qd7 18. Nxd8 Rxd8 19. Bb6 Rf8 20. Rfe1 Ne5 21. Qe2 Qc6 22. Bd4 Nfd7 23. f3 Nb6 24. b3 Bc8 25. Qe3 Nbd7 26. Nb1 Qb7 27. Nd2 Rf7 28. Nb1 Nf8 29. Bxe5 Bxe5 30. Rd3 Ne6 31. b4 Nf4 32. Rd2 Be6 33. Rb2 Rf8 34. Nd2 Rc8 35. Rc2 Nh5 36. Nf1 Rc6 37. g4 Bf4 38. Qf2 Nf6 39. Ne3 Qc7 40. Qd2 Nd7 41. Kf2 Ne5 42. Qd3 Nxd3+ 0-1

[Event "Nuremberg LGA Cup 3rd"]
[Site "Nuremberg"]
[Date "2006.09.09"]
[Round "5.41"]
[White "Steinmueller, Stefanie"]
[Black "Muth, Roland"]
[Result "0-1"]
[WhiteElo "1792"]
[BlackElo "2124"]
[PlyCount "120"]
[EventDate "2006.09.07"]
[EventType "swiss"]
[EventRounds "7"]
[EventCountry "GER"]
[SourceTitle "EXT 2022"]
[Source "ChessBase"]
[SourceDate "2021.10.06"]
[SourceVersion "1"]
[SourceVersionDate "2021.10.06"]
[SourceQuality "1"]

1. e4 d5 2. exd5 Qxd5 3. d4 Nc6 4. Be3 Nf6 5. Nc3 Qa5 6. Bc4 Bf5 7. Qd2 e6 8. Nge2 Bb4 9. f3 0-0 10. Bg5 Nd5 11. Bxd5 exd5 12. 0-0 Qb6 13. Kh1 Rfe8 14. Nf4 Bxc3 15. bxc3 Qa5 16. Nh5 Re6 17. g4 Bg6 18. Nf4 Ree8 19. Nxg6 hxg6 20. Qd3 Re6 21. f4 Rae8 22. f5 gxf5 23. Qxf5 f6 24. Rf3 Qa6 25. Raf1 Qe2 26. R1f2 Qe4 27. Bh4 Qxf5 28. Rxf5 Re1+ 29. Kg2 Ne7 30. R5f3 Nc8 31. Bg3 c6 32. h4 Ra1 33. g5 fxg5 34. hxg5 Rae1 35. Rf7 R1e7 36. g6 Re6 37. Rxb7 Rxg6 38. Kh2 Kh7 39. Be5 Nd6 40. Bxd6 Rxd6 41. Rxa7 Rg6 42. Raf7 Ra8 43. Rg2 Rxa2 44. Rxg6 Kxg6 45. Rf2 Ra1 46. Kg3 Re1 47. Kf4 Re4+ 48. Kf3 Kf5 49. Rh2 g5 50. Rh8 g4+ 51. Kf2 Rf4+ 52. Ke2 g3 53. Rf8+ Kg4 54. Rg8+ Kh3 55. Ke3 Rf5 56. Rh8+ Kg2 57. Rg8 Rf3+ 58. Kd2 Kf2 59. Re8 g2 60. Re2+ Kg3 0-1

[Event "Nuremberg LGA Cup 2nd"]
[Site "Nuremberg"]
[Date "2005.09.10"]
[Round "5.8"]
[White "Muth, Roland"]
[Black "Boidman, Yuri"]
[Result "1/2-1/2"]
[WhiteElo "2051"]
[BlackElo "2369"]
[PlyCount "111"]
[EventDate "2005.09.08"]
[EventType "swiss"]
[EventRounds "7"]
[EventCountry "GER"]
[SourceTitle "EXT 2022"]
[Source "ChessBase"]
[SourceDate "2021.10.06"]
[SourceVersion "1"]
[SourceVersionDate "2021.10.06"]
[SourceQuality "1"]

1. e4 d5 2. exd5 Nf6 3. d4 Bg4 4. Nf3 Qxd5 5. Be2 Nc6 6. c4 Qf5 7. 0-0 0-0-0 8. Be3 e5 9. d5 e4 10. Nd4 Nxd4 11. Bxd4 Bxe2 12. Qxe2 Bd6 13. Nc3 Rhe8 14. h3 Qf4 15. g3 Qf5 16. Kg2 h5 17. Nb5 a6 18. Nxd6+ Rxd6 19. Bc5 Rdd8 20. Rad1 Nd7 21. Bd4 Ne5 22. Bxe5 Rxe5 23. Rfe1 Rde8 24. Qe3 h4 25. g4 Qf3+ 26. Kg1 f5 27. Qxf3 exf3 28. Rxe5 Rxe5 29. gxf5 Re2 30. b3 Re4 31. Rd3 Rf4 32. Re3 Rxf5 33. Kf1 b5 34. Re4 g5 35. a3 bxc4 36. bxc4 c6 37. dxc6 Kc7 38. Ke1 Kxc6 39. Kd2 Ra5 40. Re3 Ra4 41. Rxf3 Rxc4 42. Kd3 Ra4 43. Kc2 a5 44. Rf6+ Kd7 45. Kb3 Re4 46. Rf5 g4 47. hxg4 a4+ 48. Kc3 Rxg4 49. Kd3 Ke6 50. Rh5 Kf6 51. f3 Rf4 52. Ke3 Rc4 53. Kd3 Kg6 54. Rh8 Rf4 55. Ke3 Rc4 56. Kd3 1/2-1/2

[Event "Nuremberg LGA Cup 2nd"]
[Site "Nuremberg"]
[Date "2005.09.10"]
[Round "4.5"]
[White "Muth, Roland"]
[Black "Donchenko, Anatoly G"]
[Result "0-1"]
[WhiteElo "2051"]
[BlackElo "2402"]
[PlyCount "88"]
[EventDate "2005.09.08"]
[EventType "swiss"]
[EventRounds "7"]
[EventCountry "GER"]
[SourceTitle "EXT 2022"]
[Source "ChessBase"]
[SourceDate "2021.10.06"]
[SourceVersion "1"]
[SourceVersionDate "2021.10.06"]
[SourceQuality "1"]

1. e4 c5 2. g3 g6 3. Bg2 Bg7 4. d3 Nc6 5. c3 d6 6. f4 Rb8 7. Nf3 Nf6 8. 0-0 b5 9. Qe2 0-0 10. a3 a5 11. d4 cxd4 12. Nxd4 Qb6 13. Be3 Ng4 14. Nc2 Nxe3 15. Qxe3 b4 16. axb4 axb4 17. Qxb6 Rxb6 18. Ne3 Be6 19. Nd5 Rb7 20. Ra6 Nb8 21. Ra8 Bxd5 22. exd5 Nd7 23. Rxf8+ Kxf8 24. Be4 bxc3 25. bxc3 Rc7 26. Rc1 Nb6 27. Rc2 f5 28. Bf3 Rc5 29. Rb2 Bxc3 30. Nxc3 Rxc3 31. Kg2 Nd7 32. Rb7 Nf6 33. Rb5 Rc2+ 34. Kh3 Rc5 35. Rxc5 dxc5 36. Kg2 Ke8 37. h3 Kd7 38. g4 Kd6 39. gxf5 gxf5 40. Be2 Kxd5 41. Kf3 Kd4 42. Bd1 c4 43. Bc2 Ne4 44. Ke2 e6 0-1

[Event "Boeblingen op 17th"]
[Site "Boeblingen"]
[Date "2000.12.27"]
[Round "3"]
[White "Muth, Roland"]
[Black "Florea, Dan"]
[Result "0-1"]
[WhiteElo "2067"]
[BlackElo "2298"]
[PlyCount "50"]
[EventDate "2000.12.27"]
[EventType "swiss"]
[EventRounds "9"]
[EventCountry "GER"]
[SourceTitle "CBM 079 Extra"]
[Source "ChessBase"]
[SourceDate "2001.01.11"]
[SourceVersion "2"]
[SourceVersionDate "2001.01.25"]
[SourceQuality "1"]

1. e4 c5 2. d3 Nc6 3. f4 d5 4. e5 g6 5. Nf3 Bg4 6. c3 e6 7. h3 Bxf3 8. Qxf3 Nge7 9. Be3 Qb6 10. Qe2 h5 11. g3 h4 12. g4 d4 13. Bc1 dxc3 14. bxc3 Nd5 15. Bg2 0-0-0 16. Qd2 g5 17. fxg5 Nxe5 18. 0-0 Nxd3 19. Qxd3 c4+ 20. Be3 Nxe3 21. Qe4 Nxf1+ 22. Kxf1 Bc5 23. Nd2 Rxd2 24. Rb1 Rhd8 25. Ke1 Rb2 0-1